000 01087nam a22003017a 4500
001 7108
003 FISKH
005 20250623161849.0
008 250623b cb ||||| |||| 00| 0 eng d
020 _a9780531219621
040 _aFISKH
_beng
_cFISKH
_dFISKH
050 _aTN880.2 .S687
082 _a622.3385
100 _aSquire, Ann O.
245 _aHydrofracking :
_bThe process that has changed America's energy needs /
_cBy Ann O. Squire
260 _aNew York :
_bChildren's Press ,
_c2013.
300 _a64 pages :
_bcolor illustrations , maps ;
_c23 cm .
490 _aCornerstones of Freedom
_vThird Series
505 _aZ
520 _a"Read about the way hydraulic fracturing, or "hydrofracking," is used to harvest natural gas and learn how it has shaped our nation today"--Page 4 of cover.
521 8 _a1090
_bLexile
521 8 _aZ
_bRaz-Plus
650 _aGas Well drilling
_vJuvenile Literature
650 _aShale gas
_vJuvenile Literature
650 _aHydraulic fracturing
_vJuvenile Literature
942 _2ddc
_cBK
_n0
999 _c7108
_d7108